La théorie de la croissance économique.

Gorde:
Xehetasun bibliografikoak
Egile nagusia: Lewis, W. Arthur (autor)
Beste egile batzuk: tr (autor) tr, (autor)
Formatua: Liburua
Hizkuntza:frantsesa
Saila:(Bibliothque économique)
Etiketak: Etiketa erantsi
Etiketarik gabe, Izan zaitez lehena erregistro honi etiketa jartzen!

MARC

LEADER 00000cam^a2200000uu^4500
001 000492358
005 20250521000000.0
008 050901s1967^^^^^^^^^^^^rd^r^^000^0^fre^d
009 20260310125438.618
035 |a FCE 000035636 
035 |a FCE 035678 
037 |a Acervo ITESO - Biblioteca 
041 |a FRA 
082 0 4 |a 330.1  |b L177t 
100 |a Lewis, W. Arthur  |e (autor) 
245 1 3 |a La théorie de la croissance économique. 
264 |a Paris :  |b Payot,  |c 1967. 
300 |a 453 p. 
336 |a texto  |b txt  |2 rdacontenido 
337 |a sin mediación  |b n  |2 rdamedio 
338 |a volumen  |b nc  |2 rdasoporte 
440 0 |a (Bibliothque économique) 
649 |a XX 
700 |e tr  |e (autor) 
910 |a Fondo Centro de Estudios Educativos 
920 |a Impresos - Libros 
930 |a Fondos Especiales 
905 |a 133 
901 |a ALE035678  |b IT2  |c CEE  |u 20250521 
902 |a https://opac.biblio.iteso.mx/vufind/Record/000492358